[Event "Bratto op-B 34th"]
[Site "Bratto"]
[Date "2014.08.26"]
[Round "4"]
[White "Saracco, Marco"]
[Black "Villa, Claudio"]
[Result "0-1"]
[WhiteElo "1840"]
[BlackElo "1796"]
[PlyCount "90"]
[EventDate "2014.08.23"]
[EventType "swiss"]
[EventRounds "8"]
[EventCountry "ITA"]
[SourceTitle "EXT 2017"]
[Source "ChessBase"]
[SourceDate "2016.10.25"]
[SourceVersion "1"]
[SourceVersionDate "2016.10.25"]
[SourceQuality "1"]

1. d4 d5 2. c4 dxc4 3. e3 e5 4. Bxc4 exd4 5. exd4 Bb4+ 6. Nc3 Nc6 7. Be3 Qe7 8. Nge2 Nf6 9. h3 0-0 10. 0-0 b6 11. Nd5 Nxd5 12. Bxd5 Bb7 13. a3 Bd6 14. Nc3 a6 15. Qf3 Qd7 16. Rac1 Ra7 17. Rc2 Kh8 18. Rfc1 Ba8 19. Ne2 Nxd4 20. Bxd4 Bxd5 21. Qc3 f6 22. b4 Be4 23. Rd2 Qf7 24. Bxb6 Rb7 25. Bd4 Qg6 26. f3 Bf5 27. Kf1 Re8 28. Be3 Be5 29. Bd4 Bd6 30. Rcd1 Qh6 31. Ng1 Bd7 32. Ne2 Bb5 33. Ra1 Qg5 34. Raa2 Rbb8 35. Kf2 Qh4+ 36. Kf1 Qg5 37. Kf2 Re6 38. Rac2 Rbe8 39. Qb2 Qh4+ 40. Kf1 Bf4 41. Bf2 Qh6 42. Qd4 Bxd2 43. Rxd2 Rxe2 44. Rxe2 Qc1+ 45. Be1 Rxe2 0-1

[Event "Bratto op-B 28th"]
[Site "Bratto"]
[Date "2008.08.30"]
[Round "8"]
[White "Saracco, Marco"]
[Black "Franzini, Stefano"]
[Result "1/2-1/2"]
[WhiteElo "1939"]
[BlackElo "1860"]
[PlyCount "49"]
[EventDate "2008.08.23"]
[EventType "swiss"]
[EventRounds "9"]
[EventCountry "ITA"]
[SourceTitle "EXT 2011"]
[Source "ChessBase"]
[SourceDate "2010.11.26"]
[SourceVersion "1"]
[SourceVersionDate "2010.11.26"]
[SourceQuality "1"]

1. d4 d5 2. c4 e6 3. Nc3 Nf6 4. cxd5 exd5 5. Bg5 c6 6. Qc2 Be6 7. e3 Nbd7 8. Bd3 h6 9. Bh4 Bd6 10. Nf3 Qc7 11. Rc1 Rc8 12. 0-0 Bg4 13. Bg3 Bxg3 14. fxg3 0-0 15. h3 Be6 16. g4 Rfe8 17. Rce1 c5 18. Qf2 Nh7 19. e4 dxe4 20. Rxe4 Nhf6 21. Ree1 g5 22. Rd1 cxd4 23. Nxd4 Qc5 24. Nxe6 Qxf2+ 25. Kxf2 1/2-1/2

[Event "Bratto op-B 28th"]
[Site "Bratto"]
[Date "2008.08.28"]
[Round "6"]
[White "Saracco, Marco"]
[Black "Villalba, Fernando"]
[Result "1/2-1/2"]
[WhiteElo "1939"]
[BlackElo "1847"]
[PlyCount "122"]
[EventDate "2008.08.23"]
[EventType "swiss"]
[EventRounds "9"]
[EventCountry "ITA"]
[SourceTitle "EXT 2011"]
[Source "ChessBase"]
[SourceDate "2010.11.26"]
[SourceVersion "1"]
[SourceVersionDate "2010.11.26"]
[SourceQuality "1"]

1. d4 Nf6 2. c4 e6 3. Nf3 Bb4+ 4. Bd2 Qe7 5. a3 Bxd2+ 6. Nbxd2 0-0 7. e3 d6 8. Be2 Nc6 9. 0-0 e5 10. d5 Nb8 11. Qc2 e4 12. Nd4 Re8 13. Rae1 Ng4 14. Bxg4 Bxg4 15. f3 exf3 16. N4xf3 Nd7 17. Qc3 Bh5 18. Nd4 Bg6 19. Nf5 Qe5 20. Nd4 a6 21. b4 Nf6 22. N2f3 Qe7 23. Nd2 Qd7 24. Rf3 Ne4 25. Nxe4 Rxe4 26. Rf4 Rae8 27. Rxe4 Rxe4 28. h3 Qe7 29. Kf2 Qh4+ 30. Kf1 Qg3 31. Qd2 Re5 32. Nf3 Re8 33. Kg1 Re4 34. Rc1 h5 35. Qf2 Qxf2+ 36. Kxf2 Kf8 37. Nd2 Re7 38. h4 Ke8 39. Kf3 Kd7 40. Kf4 Bd3 41. Rc3 Be2 42. e4 f6 43. Re3 Bg4 44. Nf3 c6 45. Nd4 g6 46. Nf3 b5 47. dxc6+ Kxc6 48. Nd4+ Kb6 49. cxb5 axb5 50. Rc3 g5+ 51. hxg5 fxg5+ 52. Kxg5 Rxe4 53. Rc6+ Kb7 54. Rxd6 Re3 55. Rd5 Rxa3 56. Nxb5 Rg3 57. Kh4 Rxg2 58. Rd4 Kc6 59. Nd6 Rh2+ 60. Kg3 Rh3+ 61. Kg2 Rb3 1/2-1/2

[Event "Bratto op-B 27th"]
[Site "Bratto"]
[Date "2007.08.29"]
[Round "6"]
[White "Saracco, Marco"]
[Black "Oteri, Aldo"]
[Result "1-0"]
[WhiteElo "1840"]
[BlackElo "1957"]
[PlyCount "33"]
[EventDate "2007.08.24"]
[EventType "swiss"]
[EventRounds "8"]
[EventCountry "ITA"]
[SourceTitle "CBM 120 Extra"]
[Source "ChessBase"]
[SourceDate "2007.11.01"]
[SourceVersion "1"]
[SourceVersionDate "2007.11.01"]
[SourceQuality "1"]

1. d4 Nf6 2. c4 e6 3. Nf3 b6 4. g3 Bb7 5. Bg2 d5 6. cxd5 exd5 7. 0-0 Be7 8. Nc3 0-0 9. b3 Re8 10. Re1 Bb4 11. Bb2 Ne4 12. Qc2 Qe7 13. e3 Nd7 14. Rec1 Rac8 15. Nxe4 dxe4 16. Ne5 f5 17. Nxd7 1-0

[Event "Bratto op-B 27th"]
[Site "Bratto"]
[Date "2007.08.28"]
[Round "5"]
[White "Galasso, Daniele"]
[Black "Saracco, Marco"]
[Result "0-1"]
[WhiteElo "1712"]
[BlackElo "1840"]
[PlyCount "55"]
[EventDate "2007.08.24"]
[EventType "swiss"]
[EventRounds "8"]
[EventCountry "ITA"]
[SourceTitle "CBM 120 Extra"]
[Source "ChessBase"]
[SourceDate "2007.11.01"]
[SourceVersion "1"]
[SourceVersionDate "2007.11.01"]
[SourceQuality "1"]

1. c4 e6 2. Nc3 d5 3. Nf3 Nf6 4. e3 Be7 5. d4 0-0 6. Bd3 c5 7. 0-0 Nc6 8. Re1 cxd4 9. exd4 b6 10. Bg5 dxc4 11. Bxc4 Na5 12. Bd3 Bb7 13. Ne5 Nc6 14. Bxf6 Bxf6 15. Qh5 g6 16. Nxc6 Bxc6 17. Qe2 Qxd4 18. Rad1 Qc5 19. Be4 Rfd8 20. Rc1 Bxe4 21. Nxe4 Qe7 22. Nxf6+ Qxf6 23. Rc7 Rd5 24. Rec1 Rad8 25. Kf1 Rd2 26. Qe1 Qxb2 27. Rxa7 Rc2 28. Rb1 0-1

[Event "Bratto op-B 27th"]
[Site "Bratto"]
[Date "2007.08.26"]
[Round "3"]
[White "Crimi, Alessandro"]
[Black "Saracco, Marco"]
[Result "1-0"]
[WhiteElo "1918"]
[BlackElo "1840"]
[PlyCount "85"]
[EventDate "2007.08.24"]
[EventType "swiss"]
[EventRounds "8"]
[EventCountry "ITA"]
[SourceTitle "CBM 120 Extra"]
[Source "ChessBase"]
[SourceDate "2007.11.01"]
[SourceVersion "1"]
[SourceVersionDate "2007.11.01"]
[SourceQuality "1"]

1. d4 d5 2. c4 e6 3. Nc3 Nf6 4. cxd5 exd5 5. Bg5 Nbd7 6. e3 Be7 7. Bd3 0-0 8. Qc2 c6 9. Nge2 Re8 10. 0-0 Nf8 11. f3 Bd7 12. e4 Be6 13. e5 N6d7 14. Bxe7 Qxe7 15. f4 g6 16. f5 gxf5 17. Bxf5 Ng6 18. Ng3 c5 19. Nb5 cxd4 20. Qd2 Ndxe5 21. Qxd4 Nc6 22. Qf2 a6 23. Nc3 Nce5 24. Nh5 Rf8 25. Rae1 Qg5 26. Ng3 Rac8 27. Bb1 Nc4 28. Qd4 Qd2 29. Qf6 Qh6 30. Nxd5 Qg7 31. Bxg6 hxg6 32. Ne7+ Kh7 33. Ne4 Qxf6 34. Nxf6+ Kg7 35. Nxc8 Rxc8 36. Rc1 Rd8 37. Ne4 Ne3 38. Rfe1 Nf5 39. a3 Rd4 40. Rcd1 Rc4 41. Nc3 Kf6 42. Ne4+ Kg7 43. Ng5 1-0

[Event "Bratto Gorgonzola op-B"]
[Site "Bratto"]
[Date "2006.08.25"]
[Round "6"]
[White "Bolognesi, Alberto"]
[Black "Saracco, Marco"]
[Result "1/2-1/2"]
[WhiteElo "1900"]
[BlackElo "1780"]
[PlyCount "47"]
[EventDate "2006.08.20"]
[EventType "swiss"]
[EventRounds "8"]
[EventCountry "ITA"]
[SourceTitle "EXT 2008"]
[Source "ChessBase"]
[SourceDate "2007.11.25"]
[SourceVersion "1"]
[SourceVersionDate "2007.11.25"]
[SourceQuality "1"]

1. e4 c6 2. d4 d5 3. exd5 cxd5 4. c4 Nf6 5. Nc3 e6 6. Nf3 Nc6 7. Bd3 Be7 8. 0-0 0-0 9. Bg5 dxc4 10. Bxc4 a6 11. a4 b6 12. Qd3 Nb4 13. Qe2 Bb7 14. Rfd1 Nbd5 15. Rac1 a5 16. Ne5 Nxc3 17. bxc3 Nd5 18. Bd2 Rc8 19. Bd3 Nf6 20. Bf4 g6 21. Bh6 Re8 22. Bb5 Qd5 23. f3 Red8 24. h3 1/2-1/2